| 000 | 00690nam a22002177a 4500 | ||
|---|---|---|---|
| 005 | 20140711105222.0 | ||
| 008 | 140711b1966 -ca||||| |||| 00| 0 eng d | ||
| 041 | _aeng | ||
| 044 | _acn | ||
| 082 |
_a561.71 _bM47s |
||
| 245 | 1 | 0 |
_aSouth American savannas : _bcomparative studies Llanos and Guyana |
| 260 |
_aMontreal _bMcGill University, Dept. of Geography _c1966 |
||
| 300 |
_a52 p. _c28 cm. |
||
| 490 |
_aSavanna research series _v5 |
||
| 500 | _aMaterial delicado. | ||
| 504 | _aIncluye referencias bibliográficas | ||
| 650 | 6 |
_aPalynology _zAmazonía (Región) _924863 |
|
| 651 |
_aPalynology _zGuyana _924864 |
||
| 651 |
_aGrassland ecology _zGuyana _924865 |
||
| 942 |
_2ddc _cImpreso |
||
| 999 |
_c8548 _d8548 |
||